000
00324nam a22001337a 4500
003
SGT
082
_a
340,BAR
100
_a
BARE ACT
245
_a
THE PROHIBITION OF CHILD MARRIAGE ACT 2006
260
_a
NEW DELHI
_b
UNIVERSAL
_c
2009
300
_a
22
650
_a
THE PROHIBITION OF CHILD MARRIAGE ACT 2006
942
_2
ddc
_c
BK
999
_c
11299
_d
11299